Biblioteca y Centro de Documentación

L´articulation des négociations de branche et d´entreprise dans la détermination des salaires (Registro nro. 45501)

Detalles MARC
000 -CABECERA
Longitud fija campo de control 01188naa a2200265 4500
001 - NÚMERO DE CONTROL
Número de control 45501
003 - IDENTIFICADOR DE NÚMERO DE CONTROL
Identificador del número de control ES-MaCES
005 - FECHA Y HORA DE LA ÚLTIMA TRANSACCIÓN
Fecha y hora de la última transacción 20141124143025.0
008 - CAMPO FIJO DE DESCRIPCIÓN FIJA--INFORMACIÓN GENERAL
Códigos de información de longitud fija   000000s2013 fr ||||| t||||||| ||fre d
040 ## - FUENTE DE CATALOGACIÓN
Centro catalogador de origen ES-MaCES
Lengua de catalogación spa
Centro transcriptor ES-MaCES
100 1# - ENCABEZAMIENTO PRINCIPAL--NOMBRE PERSONAL
9 (RLIN) 9242
Nombre de persona Castel, Nicolas
245 12 - MENCIÓN DE TÍTULO
Título L´articulation des négociations de branche et d´entreprise dans la détermination des salaires
Mención de responsabilidad, etc. Nicolas Castel, Noélie Delahaie, Héloïse Petit
500 ## - NOTA GENERAL
Nota general Resumen
504 ## - NOTA DE BIBLIOGRAFÍA, ETC.
Nota de bibliografía, etc. Bibliografía: p. 36-38
650 #4 - ASIENTO SECUNDARIO DE MATERIA--TÉRMINO DE MATERIA
9 (RLIN) 28388
Término de materia o nombre geográfico como elemento inicial determinación del salario
650 #4 - ASIENTO SECUNDARIO DE MATERIA--TÉRMINO DE MATERIA
9 (RLIN) 28362
Término de materia o nombre geográfico como elemento inicial negociación colectiva
650 #4 - ASIENTO SECUNDARIO DE MATERIA--TÉRMINO DE MATERIA
9 (RLIN) 27855
Término de materia o nombre geográfico como elemento inicial industria de vehículos a motor
650 #4 - ASIENTO SECUNDARIO DE MATERIA--TÉRMINO DE MATERIA
9 (RLIN) 26943
Término de materia o nombre geográfico como elemento inicial Francia
653 10 - TÉRMINO DE INDEXACIÓN--NO CONTROLADO
Término no controlado Relaciones laborales-Empleo
700 1# - ENCABEZAMIENTO SECUNDARIO--NOMBRE PERSONAL
9 (RLIN) 10483
Nombre de persona Delahaie, Noélie
700 1# - ENCABEZAMIENTO SECUNDARIO--NOMBRE PERSONAL
9 (RLIN) 20938
Nombre de persona Petit, Héloïse
773 0# - ENTRADA DE DOCUMENTO FUENTE
Itemnumber del ítem fuente 81832
Lugar, editor y fecha de publicación Paris (Place de Fontenoy, 1, 75700) Ministère du travail, de l'emploi et de la formation professionnelle, Direction de l'animation de la recherche, des études et de la statistique (DARES)
Otro identificador del documento 084737
Título Travail et emploi
Número de control del registro relacionado (ES-MaCES)25363
Parte(s) relacionada(s) nº 134 (avril-juin 2013) {10352 R. 084737} ;p. 21-40
902 ## - CES. TIPO DE DOCUMENTO
Tipodoc (006$c Sirtex) ART Artículo de revista
942 ## - ELEMENTOS KOHA
Fuente de clasificaión o esquema Clasificación propia del CES
Koha [por defecto] tipo de item Artículos (1982-2017)
Parte de clasificación Relaciones Laborales y Rel. Lab.- Empleo

No hay ítems disponibles.

© CES, Consejo Económico y Social de España 2021